000 01031nam a2200277Ia 4500
003 OSt
005 20221005104431.0
006 a|||||r|||| 00| 0
007 ta
008 221004b |||||||| |||| 00| 0 hin d
020 _a8176671436
_c1300
024 _a82121
037 _b1552, 30/03/2005, P.T. Book International
_cTextual
040 _aCRL
_cCRL
_bhin
041 _2hin
_ahin
082 _aO152,6x, P4.1-.2
100 _aराहुल, संपा.
245 0 _aबीसवीं सदी
_b हिन्दी के मानक निबंध
246 _aBīsavīan sadī: hindī ke mānak nibandha
260 _aदिल्ली
_bभावना प्रकाशन भारत
_c2004
300 _a472पृ0
_ccm.
650 _a हिन्दी साहित्य
650 _aहिन्दी निबंध
942 _hO152,6x, P4.1-.2
_cTEXL
_2cc
999 _c1012711
_d1012711